Fr. Conceicao Rodrigues College of Engineering

E Business and E commerce Management (Record no. 20150)

MARC details
000 -LEADER
fixed length control field 00373nam a2200169Ia 4500
082 ## - DEWEY DECIMAL CLASSIFICATION NUMBER
Classification number 658.84
Item number CHA
100 ## - MAIN ENTRY--PERSONAL NAME
Personal name Chaffey/Dave
245 ## - TITLE STATEMENT
Title E Business and E commerce Management
260 ## - PUBLICATION, DISTRIBUTION, ETC.
Name of publisher, distributor, etc. Pearson Education
Date of publication, distribution, etc. 2009
366 ## - TRADE AVAILABILITY INFORMATION
Publishers's discount category 25
300 ## - PHYSICAL DESCRIPTION
Extent 663
546 ## - LANGUAGE NOTE
Language note ENGLISH
-- electronics
650 ## - SUBJECT ADDED ENTRY--TOPICAL TERM
Topical term or geographic name entry element E business
654 ## - SUBJECT ADDED ENTRY--FACETED TOPICAL TERMS
Focus term E business
942 ## - ADDED ENTRY ELEMENTS (KOHA)
Koha item type BOOK
Holdings
Withdrawn status Lost status Damaged status Not for loan Collection Home library Current library Date acquired Source of acquisition Cost, normal purchase price Inventory number Total Checkouts Full call number Barcode Date last seen Cost, replacement price Price effective from Koha item type
        CRC Fr. Agnel's C.Rodrigues College of Engineering Fr. Agnel's C.Rodrigues College of Engineering 17/03/2023 Allied Publishers 412.50 3491 dt 01/02/2011   658.84 CHA 21290 17/03/2023 550.00   BOOK
        CRC Fr. Agnel's C.Rodrigues College of Engineering Fr. Agnel's C.Rodrigues College of Engineering 17/03/2023 Allied Publishers 412.50 3491 dt 01/02/2011   658.84 CHA 21291 17/03/2023 550.00   BOOK
        CRC Fr. Agnel's C.Rodrigues College of Engineering Fr. Agnel's C.Rodrigues College of Engineering 17/03/2023 Allied Publishers 412.50 3491 dt 01/02/2011   658.84 CHA 21292 17/03/2023 550.00   BOOK